| 000 | 00710cam a22002174a 4500 | ||
|---|---|---|---|
| 001 | 2158488 | ||
| 005 | 20241111115624.0 | ||
| 008 | 990614s2000 maua b 001 0 eng | ||
| 020 | _a0072322039 (pbk. : alk. paper) | ||
| 050 | 0 | 0 |
_aQA76.73.C153 _bA83 2000 |
| 082 | 0 | 0 |
_a005.13/3 _221 |
| 100 | 1 | _aAstrachan, Owen L. | |
| 245 | 1 | 2 |
_aA computer science tapestry : _bexploring programming and computer science with C++ / _cOwen L. Astrachan. |
| 250 | _a2nd ed. | ||
| 260 |
_aBoston : _bMcGraw-Hill, _cc2000. |
||
| 300 |
_axxxi, 848 p. : _bill. ; _c24 cm. |
||
| 440 | 0 | _aMcGraw-Hill series in computer science | |
| 650 | 0 | _aC++ (Computer program language) | |
| 650 | 0 | _aComputer programming. | |
| 942 |
_2lcc _cBK _n0 |
||
| 999 |
_c998 _d998 |
||